000 00597nam a2200217Ia 4500
008 220216s9999 xx 000 0 und d
100 _aKala R G
245 0 _aSomatic embryo germination in Hevea brasiliensis: Effect of embryo desiccation, phytohormones and phloroglucinol
260 _bRubber Science
_c2015
300 _a52-61
650 _aEmbryo desiccation
650 _aGermination
650 _aPhloroglucinol
650 _aPhytohormones
700 _aJayasree R
700 _aLeda P
700 _aSobha S
700 _aThulaseedharan A
700 _aTisha L T
942 _cBS
999 _c48821
_d48821